000 00357nam a2200145Ia 4500
008 230312s9999||||xx |||||||||||||| ||und||
020 _a0-7020-5573-7
082 _a617.7
_bBOW-K
100 _aBowling;Brad
245 0 _aKanski's Clinical Ophthalmology
260 _bElsevier
_aChina
_c2016
300 _a917
650 _aMedical
_vOpthalmology
942 _cBK
999 _c2216
_d2216